000 00256nam a2200097Ia 4500
001 682841
005 20250826161426.0
008 250824s9999 xx 000 0 und d
245 0 _aCEMRE ÖNCE KALBE DÜŞER
_cAHMED GÜNBAY YILDIZ
260 _bTİMAŞ YAYINLARI
999 _c682841
_d682841